00230nam a2200097Ia 4500082001300000245002100013100003100034942000700065008004100072999001900113 aEJF ROSE 0aWake up singing  a ROSENTHAL, Jane 9105976 cBK210825s9999 xx 000 0 und d c512563d512562